Study of prompt D 0 meson production in pPb collisions at √sNN=5sNN=5 TeV; Journal of High Energy Physics; Vol. 2017
| Parent link: | Journal of High Energy Physics Vol. 2017.— 2017.— [90, 28 p.] |
|---|---|
| Autor corporatiu: | |
| Altres autors: | , , , , |
| Sumari: | Title screen Production of prompt D 0 mesons is studied in proton-lead and lead-proton collisions recorded at the LHCb detector at the LHC. The data sample corresponds to an integrated luminosity of 1.58±0.02 nb−1 recorded at a nucleon-nucleon centre-of-mass energy of √sNN=5sNN=5 TeV. Measurements of the differential cross-section, the forward-backward production ratio and the nuclear modification factor are reported using D 0 candidates with transverse momenta less than 10 GeV/c and rapidities in the ranges 1.5 < y ∗ < 4.0 and −5.0 < y ∗ < −2.5 in the nucleon-nucleon centre-of-mass system. |
| Idioma: | anglès |
| Publicat: |
2017
|
| Matèries: | |
| Accés en línia: | https://doi.org/10.1007/JHEP10(2017)090 |
| Format: | Electrònic Capítol de llibre |
| KOHA link: | https://koha.lib.tpu.ru/cgi-bin/koha/opac-detail.pl?biblionumber=657658 |
MARC
| LEADER | 00000naa0a2200000 4500 | ||
|---|---|---|---|
| 001 | 657658 | ||
| 005 | 20250122174449.0 | ||
| 035 | |a (RuTPU)RU\TPU\network\24297 | ||
| 035 | |a RU\TPU\network\23021 | ||
| 090 | |a 657658 | ||
| 100 | |a 20180302d2017 k||y0engy50 ba | ||
| 101 | 0 | |a eng | |
| 102 | |a DE | ||
| 135 | |a drcn ---uucaa | ||
| 181 | 0 | |a i | |
| 182 | 0 | |a b | |
| 200 | 1 | |a Study of prompt D 0 meson production in pPb collisions at √sNN=5sNN=5 TeV |f R. Aaij [et al.] | |
| 203 | |a Text |c electronic | ||
| 300 | |a Title screen | ||
| 320 | |a [References: 75 tit.] | ||
| 330 | |a Production of prompt D 0 mesons is studied in proton-lead and lead-proton collisions recorded at the LHCb detector at the LHC. The data sample corresponds to an integrated luminosity of 1.58±0.02 nb−1 recorded at a nucleon-nucleon centre-of-mass energy of √sNN=5sNN=5 TeV. Measurements of the differential cross-section, the forward-backward production ratio and the nuclear modification factor are reported using D 0 candidates with transverse momenta less than 10 GeV/c and rapidities in the ranges 1.5 < y ∗ < 4.0 and −5.0 < y ∗ < −2.5 in the nucleon-nucleon centre-of-mass system. | ||
| 461 | |t Journal of High Energy Physics | ||
| 463 | |t Vol. 2017 |v [90, 28 p.] |d 2017 | ||
| 610 | 1 | |a электронный ресурс | |
| 610 | 1 | |a труды учёных ТПУ | |
| 610 | 1 | |a charm physics | |
| 610 | 1 | |a heavy ion experiments | |
| 610 | 1 | |a heavy-ion collision | |
| 610 | 1 | |a particle and resonance production | |
| 701 | 1 | |a Aaij |b R. |g Roel | |
| 701 | 1 | |a Adeva |b B. |g Bernardo | |
| 701 | 1 | |a Adinolfi |b M. | |
| 701 | 1 | |a Ajaltouni |b Z. J. |g Zeina | |
| 701 | 1 | |a Vagner |b A. R. |c physicist |c Vice-rector for educational activities of Tomsk Polytechnic University, candidate of physical and mathematical sciences |f 1983- |g Aleksandr Rudolfovich |3 (RuTPU)RU\TPU\pers\31560 | |
| 712 | 0 | 2 | |a Национальный исследовательский Томский политехнический университет (ТПУ) |b Физико-технический институт (ФТИ) |b Кафедра прикладной физики (№ 12) (ПФ) |3 (RuTPU)RU\TPU\col\18729 |
| 801 | 2 | |a RU |b 63413507 |c 20180302 |g RCR | |
| 856 | 4 | |u https://doi.org/10.1007/JHEP10(2017)090 | |
| 942 | |c CF | ||